[Event "Fortaleza Borges Memorial 11th"]
[Site "Fortaleza"]
[Date "2013.12.07"]
[Round "6.5"]
[White "Pinheiro, Jose Welliton"]
[Black "De Sousa Filho, Aloisio Lopes"]
[Result "0-1"]
[WhiteElo "1647"]
[BlackElo "1955"]
[PlyCount "72"]
[EventDate "2013.11.26"]
[EventType "swiss"]
[EventRounds "6"]
[EventCountry "BRA"]
[SourceTitle "EXT 2022"]
[Source "ChessBase"]
[SourceDate "2021.10.06"]
[SourceVersion "1"]
[SourceVersionDate "2021.10.06"]
[SourceQuality "1"]

1. e4 e5 2. Nf3 Nc6 3. Bc4 Be7 4. c3 Nf6 5. 0-0 0-0 6. d4 d6 7. d5 Nb8 8. Re1 Nbd7 9. b4 h6 10. h3 Nh7 11. Bd3 Ng5 12. Nbd2 c5 13. Nxg5 Bxg5 14. Nf3 Bxc1 15. Rxc1 a5 16. b5 Qf6 17. a4 Nb6 18. Re3 Kh8 19. Nd2 Bd7 20. Rg3 Nc8 21. c4 Ne7 22. Rc3 Ng6 23. Nf1 Nf4 24. Be2 Qe7 25. Bg4 f5 26. exf5 Bxf5 27. Bxf5 Rxf5 28. Ne3 Rf7 29. Ng4 b6 30. Rce3 Rf5 31. Kh2 Raf8 32. f3 Nh5 33. Nxe5 Rxe5 34. Rxe5 Qxe5 35. f4 Rxf4 36. Re3 Re4+ 0-1

[Event "Capablanca Memorial op 26th"]
[Site "Fortaleza"]
[Date "2012.11.23"]
[Round "2"]
[White "De Sousa Filho, Aloisio Lopes"]
[Black "Miranda Leao, Luiz Geraldo B"]
[Result "1-0"]
[WhiteElo "1871"]
[BlackElo "1769"]
[PlyCount "87"]
[EventDate "2012.11.21"]
[EventType "swiss"]
[EventRounds "6"]
[EventCountry "BRA"]
[SourceTitle "EXT 2014"]
[Source "ChessBase"]
[SourceDate "2013.11.20"]
[SourceVersion "1"]
[SourceVersionDate "2013.11.20"]
[SourceQuality "1"]

1. d4 Nf6 2. Nf3 d6 3. Bf4 g6 4. Nbd2 Bg7 5. e4 Nh5 6. Be3 0-0 7. Bc4 Nc6 8. a3 e5 9. c3 exd4 10. Nxd4 Ne5 11. Be2 Nf6 12. h3 Re8 13. 0-0 c5 14. N4f3 Nc6 15. Bc4 h6 16. Qb1 Qe7 17. Bd3 Nd7 18. Re1 Nde5 19. Nxe5 Nxe5 20. Bc2 Qh4 21. Qd1 Bxh3 22. gxh3 Qxh3 23. Qe2 Ng4 24. f3 Nxe3 25. Qxe3 Re5 26. f4 Qg4+ 27. Kf2 Rh5 28. Qg3 Qxg3+ 29. Kxg3 g5 30. Rh1 gxf4+ 31. Kxf4 Be5+ 32. Kf3 Rxh1 33. Rxh1 Kh7 34. Rg1 b5 35. Nf1 b4 36. axb4 cxb4 37. cxb4 Rb8 38. b3 Rxb4 39. Ne3 Rb6 40. Nc4 Rb5 41. Nxd6 Bxd6 42. e5+ Kh8 43. exd6 Rd5 44. Rd1 1-0

[Event "BRA-ch sf-B"]
[Site "Fortaleza"]
[Date "2012.11.04"]
[Round "7"]
[White "De Souza Monteiro, Marcos Paulo"]
[Black "De Sousa Filho, Aloisio Lopes"]
[Result "0-1"]
[WhiteElo "2032"]
[BlackElo "1871"]
[PlyCount "72"]
[EventDate "2012.11.01"]
[EventType "swiss"]
[EventRounds "8"]
[EventCountry "BRA"]
[SourceTitle "EXT 2013"]
[Source "ChessBase"]
[SourceDate "2012.11.22"]
[SourceVersion "1"]
[SourceVersionDate "2012.11.22"]
[SourceQuality "1"]

1. d4 d5 2. c4 c6 3. Nf3 Nf6 4. Nc3 e6 5. e3 Bd6 6. Qc2 Qe7 7. Be2 Nbd7 8. 0-0 0-0 9. e4 Nxe4 10. Nxe4 dxe4 11. Qxe4 Nf6 12. Qc2 h6 13. b3 b6 14. Bb2 Bb7 15. Rfe1 Rad8 16. Bd3 Ba3 17. Bc3 Bb4 18. Rad1 Bxc3 19. Qxc3 Qc7 20. c5 Qf4 21. g3 Nd5 22. gxf4 Nxc3 23. Rc1 Nxa2 24. Ra1 Nb4 25. Rxa7 Nxd3 26. Re3 Nxf4 27. Rxb7 bxc5 28. dxc5 Rb8 29. Rxb8 Rxb8 30. Ne5 Rb5 31. Nd7 f6 32. h4 Kf7 33. Re4 Nd5 34. Ra4 Rb7 35. Ra6 Rxd7 36. Rxc6 Rb7 0-1

[Event "BRA-ch sf-B"]
[Site "Fortaleza"]
[Date "2012.11.02"]
[Round "4"]
[White "De Sousa Filho, Aloisio Lopes"]
[Black "Ribeiro, Matheus Cavalcante"]
[Result "0-1"]
[WhiteElo "1871"]
[BlackElo "2112"]
[PlyCount "150"]
[EventDate "2012.11.01"]
[EventType "swiss"]
[EventRounds "8"]
[EventCountry "BRA"]
[SourceTitle "EXT 2013"]
[Source "ChessBase"]
[SourceDate "2012.11.22"]
[SourceVersion "1"]
[SourceVersionDate "2012.11.22"]
[SourceQuality "1"]

1. d4 Nf6 2. Nf3 e6 3. Bf4 b5 4. Nbd2 Bb7 5. h3 c5 6. e3 a6 7. c3 cxd4 8. exd4 d6 9. Bd3 Be7 10. 0-0 0-0 11. Re1 Nbd7 12. Qe2 Rc8 13. a4 b4 14. Bxa6 Bxa6 15. Qxa6 Nb8 16. Qe2 bxc3 17. bxc3 Nd5 18. Bg3 Nxc3 19. Qd3 Qa5 20. Nc4 Qb4 21. Nfd2 d5 22. Ne3 Nxa4 23. Nf3 Nc3 24. Rec1 Bf6 25. Bxb8 Qb2 26. Kh2 Qxb8+ 27. g3 Qb2 28. Rf1 Ne4 29. Qb1 Rb8 30. Qxb2 Rxb2 31. Kg2 Nd2 32. Rfd1 Nxf3 33. Kxf3 Rb4 34. Nc2 Rc4 35. Ra2 Rfc8 36. Rd2 Rc3+ 37. Ne3 h5 38. Ke2 h4 39. g4 Rb8 40. Rac2 Ra3 41. Rd3 Rxd3 42. Kxd3 Rb4 43. Rc8+ Kh7 44. Nc2 Rb1 45. Ke2 Rb3 46. f3 Bg5 47. Ra8 Kg6 48. Ra1 Bf6 49. Rf1 Kh7 50. Rd1 Bg5 51. Rd3 Rb2 52. Rc3 Rb1 53. Ne1 Bf4 54. Nd3 Bb8 55. Rc1 Rxc1 56. Nxc1 g5 57. Nd3 Kg8 58. Nc5 Ba7 59. Nb3 Kf8 60. Kd3 Ke7 61. Nc1 e5 62. dxe5 Ke6 63. Ne2 Kxe5 64. Kd2 d4 65. Kd3 Kd5 66. Nc1 Bc5 67. Ne2 f6 68. Nc1 Bd6 69. Ne2 Be5 70. Nc1 Bf4 71. Na2 Be3 72. f4 Kc5 73. f5 Bf4 74. Kc2 Kc4 75. Kd1 Kb3 0-1

[Event "BRA-ch sf-B"]
[Site "Fortaleza"]
[Date "2012.11.02"]
[Round "3"]
[White "De Sousa Filho, Aloisio Lopes"]
[Black "Souza Neves, Andrey Marcelo"]
[Result "0-1"]
[WhiteElo "1871"]
[BlackElo "2152"]
[PlyCount "135"]
[EventDate "2012.11.01"]
[EventType "swiss"]
[EventRounds "8"]
[EventCountry "BRA"]
[SourceTitle "EXT 2013"]
[Source "ChessBase"]
[SourceDate "2012.11.22"]
[SourceVersion "1"]
[SourceVersionDate "2012.11.22"]
[SourceQuality "1"]

1. d4 Nf6 2. Nf3 g6 3. Bf4 Bg7 4. Nbd2 0-0 5. e4 d6 6. Bc4 Nc6 7. Qe2 Nh5 8. Be3 e5 9. c3 exd4 10. Nxd4 Ne5 11. Bb3 Ng4 12. 0-0 Nxe3 13. Qxe3 Qf6 14. Qf3 Qg5 15. Nc4 Be5 16. Nxe5 dxe5 17. Nc2 Bg4 18. Qe3 Nf4 19. g3 Bh3 20. Rfd1 Rad8 21. Ne1 Qg4 22. Rxd8 Rxd8 23. f3 Qg5 24. Kh1 Ne6 25. Qxg5 Nxg5 26. Rd1 Rxd1 27. Bxd1 Bc8 28. Kg2 Kf8 29. Kf2 Ke7 30. Ke3 Ne6 31. Nd3 Kd6 32. Bb3 f6 33. Nf2 a5 34. h4 Bd7 35. Bc2 Nc5 36. b4 axb4 37. cxb4 Na6 38. Nd3 Be6 39. a3 b6 40. Kd2 Nb8 41. Kc3 Nc6 42. a4 Nd4 43. Bd1 Bc8 44. f4 Bb7 45. Nf2 Ne6 46. fxe5+ fxe5 47. Bc2 c5 48. Bd3 cxb4+ 49. Kxb4 Nc5 50. Bc2 Nd7 51. Bb3 Bc6 52. Bc2 Nc5 53. a5 Na6+ 54. Kc4 bxa5 55. g4 h6 56. h5 g5 57. Nh3 Be8 58. Nf2 Nb8 59. Nd1 Bd7 60. Ne3 Nc6 61. Ba4 Nd4 62. Bxd7 Kxd7 63. Kd5 a4 64. Kxe5 Nf3+ 65. Kf6 a3 66. Nc2 a2 67. Kg6 Ke6 68. Kxh6 0-1

[Event "Fortaleza Borges Memorial"]
[Site "Fortaleza"]
[Date "2012.06.28"]
[Round "6"]
[White "Rodrigues, Vanessa Ketlyn Sous"]
[Black "De Sousa Filho, Aloisio Lopes"]
[Result "1/2-1/2"]
[WhiteElo "1734"]
[BlackElo "1847"]
[PlyCount "81"]
[EventDate "2012.06.14"]
[EventType "swiss"]
[EventRounds "7"]
[EventCountry "BRA"]
[SourceTitle "CBM 149 Extra"]
[Source "ChessBase"]
[SourceDate "2012.08.24"]
[SourceVersion "1"]
[SourceVersionDate "2012.08.24"]
[SourceQuality "1"]

1. d4 d5 2. Nf3 Nf6 3. Bf4 Bf5 4. h3 e6 5. e3 Bd6 6. Ne5 Qe7 7. Bg5 Nbd7 8. Nxd7 Qxd7 9. Bxf6 gxf6 10. Bd3 Bg6 11. 0-0 0-0-0 12. Bxg6 hxg6 13. Nd2 Rh5 14. Rc1 Rdh8 15. c4 e5 16. c5 Rxh3 17. f3 Rh1+ 18. Kf2 Rxf1+ 19. Qxf1 Be7 20. c6 Qd6 21. cxb7+ Kb8 22. Nb3 Qb6 23. Qe2 Kxb7 24. Rc3 Ka8 25. Qc2 Bd6 26. Nc5 Rd8 27. Na4 Qa6 28. a3 exd4 29. exd4 Re8 30. Nc5 Bxc5 31. Rxc5 Qe6 32. Qc1 Qe2+ 33. Kg3 Qe1+ 34. Qxe1 Rxe1 35. Rxd5 Re7 36. b4 Kb7 37. a4 Kc6 38. Rc5+ Kb6 39. Kg4 Re2 40. g3 Rd2 41. Rc4 1/2-1/2

[Event "Fortaleza Borges Memorial"]
[Site "Fortaleza"]
[Date "2012.06.23"]
[Round "4"]
[White "Nunes, Moezio Correia"]
[Black "De Sousa Filho, Aloisio Lopes"]
[Result "0-1"]
[WhiteElo "1937"]
[BlackElo "1847"]
[PlyCount "94"]
[EventDate "2012.06.14"]
[EventType "swiss"]
[EventRounds "7"]
[EventCountry "BRA"]
[SourceTitle "CBM 149 Extra"]
[Source "ChessBase"]
[SourceDate "2012.08.24"]
[SourceVersion "1"]
[SourceVersionDate "2012.08.24"]
[SourceQuality "1"]

1. e4 e5 2. Nf3 d6 3. d4 exd4 4. c3 dxc3 5. Bc4 h6 6. Qb3 Qe7 7. 0-0 Nc6 8. Nxc3 Nf6 9. Re1 Ne5 10. Nd5 Nxd5 11. Bxd5 Nxf3+ 12. Qxf3 c6 13. Bb3 Be6 14. Bf4 Bxb3 15. Qxb3 0-0-0 16. Rac1 g5 17. Be3 c5 18. Qa3 b6 19. f3 Kb7 20. b4 Rc8 21. Red1 cxb4 22. Qxb4 Rxc1 23. Bxc1 Qc7 24. Ba3 Qc5+ 25. Kf1 Qxb4 26. Bxb4 Kc6 27. Rd5 Be7 28. Rf5 f6 29. g3 Rc8 30. Bc3 Kd7 31. Bxf6 Rc1+ 32. Kg2 Rc2+ 33. Kh3 Rxa2 34. Bg7 h5 35. g4 hxg4+ 36. fxg4 Re2 37. e5 d5 38. Bf6 d4 39. e6+ Kxe6 40. Bxd4 Bd6 41. Bg1 Bf4 42. Rf8 Kd5 43. Rf5+ Kc4 44. Rf7 a5 45. Bf2 Rxf2 46. Rc7+ Kd3 47. Rd7+ Ke2 0-1

[Event "Fortaleza Alves Memorial 16th"]
[Site "Fortaleza"]
[Date "2012.05.19"]
[Round "2"]
[White "De Sousa Filho, Aloisio Lopes"]
[Black "Nonato Veras da Silva, Raimundo"]
[Result "0-1"]
[WhiteElo "1847"]
[BlackElo "1948"]
[PlyCount "108"]
[EventDate "2012.05.18"]
[EventType "swiss"]
[EventRounds "5"]
[EventCountry "BRA"]
[SourceTitle "CBM 148 Extra"]
[Source "ChessBase"]
[SourceDate "2012.06.22"]
[SourceVersion "1"]
[SourceVersionDate "2012.06.22"]
[SourceQuality "1"]

1. d4 Nf6 2. Nf3 d5 3. Bf4 e6 4. e3 c5 5. c3 Qb6 6. b3 Nc6 7. Nbd2 Be7 8. Bd3 Bd7 9. 0-0 0-0 10. Qe2 cxd4 11. exd4 Rac8 12. Rac1 Nh5 13. Bg5 Qd8 14. Be3 Nf6 15. Bb1 Ba3 16. Rcd1 Ne7 17. Bd3 Ng6 18. h3 Bd6 19. c4 Nf4 20. Bxf4 Bxf4 21. c5 Qa5 22. a4 b6 23. cxb6 Qxb6 24. Rc1 Rc7 25. g3 Bd6 26. Rxc7 Qxc7 27. Rb1 Qc3 28. Nf1 Rc8 29. Kg2 Qb4 30. Qe3 Kh8 31. Ne5 Be8 32. Bb5 Rc3 33. Qe1 Kg8 34. Bxe8 Nxe8 35. Qd1 Bxe5 36. dxe5 Qe4+ 37. Kg1 Qxe5 38. b4 Qc7 39. Qd4 Rc4 40. Qd2 Nd6 41. Ne3 Ne4 42. Qd3 Rc3 43. Qd4 Nxg3 44. Qg4 Ne4 45. h4 Rc1+ 46. Rxc1 Qxc1+ 47. Kg2 Qd2 48. Qf4 h6 49. b5 g5 50. hxg5 hxg5 51. Qf3 Qb4 52. Ng4 f5 53. Nh6+ Kg7 54. Qh5 Qd4 0-1

[Event "Fortaleza Alves Memorial 16th"]
[Site "Fortaleza"]
[Date "2012.05.19"]
[Round "3"]
[White "Souza, Gutemberg Magalhaes"]
[Black "De Sousa Filho, Aloisio Lopes"]
[Result "0-1"]
[WhiteElo "1815"]
[BlackElo "1847"]
[PlyCount "74"]
[EventDate "2012.05.18"]
[EventType "swiss"]
[EventRounds "5"]
[EventCountry "BRA"]
[SourceTitle "CBM 148 Extra"]
[Source "ChessBase"]
[SourceDate "2012.06.22"]
[SourceVersion "1"]
[SourceVersionDate "2012.06.22"]
[SourceQuality "1"]

1. d4 d5 2. Nf3 c6 3. c3 Nf6 4. Bf4 Bf5 5. h3 e6 6. Nbd2 Bd6 7. Ne5 Qe7 8. e3 Ne4 9. Ndf3 f6 10. Nd3 Bxf4 11. exf4 Nd7 12. Be2 c5 13. 0-0 0-0-0 14. Qa4 Kb8 15. Nxc5 Ndxc5 16. dxc5 Nxc5 17. Qb4 Qc7 18. Rfd1 Rd6 19. Qd4 Rhd8 20. Nd2 Rg8 21. a4 g5 22. g4 gxf4 23. Qxf4 h5 24. f3 Bc2 25. Rdc1 e5 26. Qh2 hxg4 27. hxg4 Bd3 28. b4 Bxe2 29. Qxe2 Ne6 30. Qe3 Nf4 31. Kf2 f5 32. Rg1 Nh3+ 33. Ke2 Nxg1+ 34. Rxg1 fxg4 35. fxg4 d4 36. cxd4 Rxd4 37. g5 Rgd8 0-1

[Event "Fortaleza Brazil op 2nd"]
[Site "Fortaleza"]
[Date "2012.04.08"]
[Round "7"]
[White "Cunha, Eduardo Arruda da G"]
[Black "De Sousa Filho, Aloisio Lopes"]
[Result "1-0"]
[WhiteElo "2242"]
[BlackElo "1852"]
[PlyCount "96"]
[EventDate "2012.04.05"]
[EventType "swiss"]
[EventRounds "7"]
[EventCountry "BRA"]
[SourceTitle "CBM 147 Extra"]
[Source "ChessBase"]
[SourceDate "2012.04.24"]
[SourceVersion "1"]
[SourceVersionDate "2012.04.24"]
[SourceQuality "1"]

1. e4 d5 2. exd5 Qxd5 3. Nf3 Qd8 4. d4 c6 5. Nc3 Bg4 6. Be2 e6 7. h3 Bh5 8. g4 Bg6 9. Ne5 Bd6 10. Nxg6 hxg6 11. Qd3 Qc7 12. Bd2 Nd7 13. 0-0-0 0-0-0 14. Ne4 Be7 15. Kb1 Ngf6 16. Ng5 Rhf8 17. Qf3 Nb6 18. Bf4 Bd6 19. Bxd6 Qxd6 20. Rd3 Nbd5 21. Ra3 Kb8 22. Qb3 Nb6 23. Nf3 Rh8 24. c4 Qc7 25. c5 Nc8 26. g5 Nh5 27. h4 Nf4 28. Bc4 Nd5 29. Qa4 Nde7 30. Rb3 Ka8 31. Bd3 Nf5 32. Be4 Rd7 33. Rd1 Rhd8 34. Rb4 Nfe7 35. Ne5 Nd5 36. Rb3 Re7 37. Nc4 Qf4 38. f3 Rc7 39. Na5 Nde7 40. Rdd3 f5 41. gxf6 gxf6 42. Qb4 Rdd7 43. Rd1 f5 44. Bc2 Nd5 45. Qe1 Re7 46. Nc4 Rcd7 47. Ne5 Qh6 48. Nxd7 Rxd7 1-0